[Event "Krakow Winter op-B"]
[Site "Krakow"]
[Date "2022.01.18"]
[Round "6"]
[White "Mazonik, Oliwier"]
[Black "Kowalczyk, Mateusz"]
[Result "1-0"]
[WhiteElo "1372"]
[BlackElo "1695"]
[PlyCount "60"]
[EventDate "2022.01.15"]
[EventType "swiss"]
[EventRounds "9"]
[EventCountry "POL"]
[SourceTitle "CBM 206 Extra"]
[Source "ChessBase"]
[SourceDate "2022.03.31"]
[SourceVersion "1"]
[SourceVersionDate "2022.03.31"]
[SourceQuality "1"]

1. Nf3 g6 2. c4 Bg7 3. Nc3 c6 4. d4 d6 5. Bg5 Qb6 6. Qd2 Bg4 7. 0-0-0 f6 8. Be3 Qb4 9. h3 Bd7 10. Bf4 Na6 11. e4 0-0-0 12. c5 g5 13. Bh2 g4 14. hxg4 e5 15. Bxa6 Bxg4 16. Bxb7+ Kxb7 17. dxe5 d5 18. Qd4 Bh6+ 19. Kb1 a5 20. a3 dxe4 21. axb4 Rxd4 22. Rxd4 Ne7 23. exf6 Nd5 24. Nxe4 axb4 25. Nd6+ Ka6 26. Rxg4 Ka5 27. Nd4 Nc3+ 28. bxc3 Rb8 29. Nxc6+ Ka4 30. Nxb8 Bd2 1-0

[Event "Poznan op 22nd"]
[Site "Poznan"]
[Date "2014.08.13"]
[Round "6"]
[White "Kowalczyk, Mateusz"]
[Black "Nicikowski, Jozef"]
[Result "1-0"]
[WhiteElo "1655"]
[BlackElo "1459"]
[PlyCount "85"]
[EventDate "2014.08.09"]
[EventType "swiss"]
[EventRounds "9"]
[EventCountry "POL"]
[SourceTitle "CBM 161 Extra"]
[Source "ChessBase"]
[SourceDate "2014.08.29"]
[SourceVersion "1"]
[SourceVersionDate "2014.08.29"]
[SourceQuality "1"]

1. e4 c6 2. Nc3 d5 3. Nf3 Bg4 4. h3 Bh5 5. exd5 cxd5 6. Bb5+ Nc6 7. g4 Bg6 8. Ne5 Qd6 9. d4 0-0-0 10. Nxc6 bxc6 11. Ba6+ Kb8 12. Na4 Qe6+ 13. Be3 Qe4 14. 0-0 Qxc2 15. Bf4+ Ka8 16. Nc5 e5 17. Qxc2 Bxc2 18. Bb7+ Kb8 19. Bxe5+ Bd6 20. Bxc6 Bxe5 21. dxe5 Ne7 22. Na6+ Kc8 23. Bb5 Kb7 24. Rac1 Rc8 25. Nb4 Rc5 26. Ba4 Rc4 27. Rxc2 Rxb4 28. Rfc1 Rc8 29. Rxc8 Nxc8 30. Bc6+ Kb8 31. Bxd5 Rxb2 32. Bxf7 Re2 33. e6 g5 34. Kf1 Re5 35. Rd1 Nb6 36. Kg2 Kc7 37. Kg3 h6 38. Rd3 a5 39. f4 Re1 40. f5 Nc4 41. Rc3 Re3+ 42. Rxe3 Nxe3 43. e7 1-0

[Event "Poznan op 22nd"]
[Site "Poznan"]
[Date "2014.08.09"]
[Round "1"]
[White "Plichta, Kamil"]
[Black "Kowalczyk, Mateusz"]
[Result "1-0"]
[WhiteElo "2257"]
[BlackElo "1655"]
[PlyCount "63"]
[EventDate "2014.08.09"]
[EventType "swiss"]
[EventRounds "9"]
[EventCountry "POL"]
[SourceTitle "CBM 161 Extra"]
[Source "ChessBase"]
[SourceDate "2014.08.29"]
[SourceVersion "1"]
[SourceVersionDate "2014.08.29"]
[SourceQuality "1"]

1. d4 Nf6 2. c4 g6 3. f3 Bg7 4. e4 d6 5. Nc3 0-0 6. Be3 Nc6 7. Nge2 e5 8. d5 Na5 9. Nc1 b6 10. b4 Nb7 11. Nd3 Nh5 12. c5 bxc5 13. bxc5 dxc5 14. Nxc5 f5 15. Nxb7 Bxb7 16. Rb1 Bc8 17. Qc2 fxe4 18. Nxe4 Nf4 19. Rd1 Kh8 20. g3 Nh5 21. Be2 Bf5 22. 0-0 Nf6 23. g4 Bc8 24. Bb5 Bd7 25. Bc6 Bxc6 26. dxc6 Qe8 27. Nxf6 Rxf6 28. Rd7 Rc8 29. Bg5 Rd6 30. Rd1 Bf8 31. Qc4 h6 32. R1xd6 1-0

[Event "Wroclaw op 9th"]
[Site "Wroclaw"]
[Date "2014.07.05"]
[Round "9"]
[White "Kowalczyk, Mateusz"]
[Black "Knap, Jerzy"]
[Result "1-0"]
[WhiteElo "1608"]
[BlackElo "1709"]
[PlyCount "67"]
[EventDate "2014.06.29"]
[EventType "swiss"]
[EventRounds "9"]
[EventCountry "POL"]
[SourceTitle "EXT 2015"]
[Source "ChessBase"]
[SourceDate "2014.11.20"]
[SourceVersion "1"]
[SourceVersionDate "2014.11.20"]
[SourceQuality "1"]

1. e4 e6 2. d4 d5 3. Nc3 dxe4 4. Nxe4 Nd7 5. Nf3 Ngf6 6. Nxf6+ Nxf6 7. c3 Be7 8. Bc4 0-0 9. 0-0 b6 10. Re1 Bb7 11. Qe2 Re8 12. Ne5 Bd5 13. Bb5 Rf8 14. Bf4 Qc8 15. Nc6 Bd8 16. c4 Be4 17. Bg5 Bxc6 18. Bxc6 Rb8 19. Qc2 a6 20. Rad1 b5 21. b3 bxc4 22. bxc4 Rb6 23. Qa4 Qb8 24. Bc1 Be7 25. c5 Rxc6 26. Qxc6 a5 27. d5 Nxd5 28. Rxd5 Qb4 29. Rdd1 Qxc5 30. Qxc5 Bxc5 31. Be3 Bd6 32. Rb1 Bb4 33. Rec1 Rc8 34. Rc6 1-0

[Event "Wroclaw op 9th"]
[Site "Wroclaw"]
[Date "2014.07.01"]
[Round "5"]
[White "Kowalczyk, Mateusz"]
[Black "Grela, Kacper"]
[Result "0-1"]
[WhiteElo "1608"]
[BlackElo "2007"]
[PlyCount "106"]
[EventDate "2014.06.29"]
[EventType "swiss"]
[EventRounds "9"]
[EventCountry "POL"]
[SourceTitle "EXT 2015"]
[Source "ChessBase"]
[SourceDate "2014.11.20"]
[SourceVersion "1"]
[SourceVersionDate "2014.11.20"]
[SourceQuality "1"]

1. e4 c5 2. Nf3 Nc6 3. d4 cxd4 4. Nxd4 Nf6 5. Nc3 d6 6. Bg5 e6 7. f4 a6 8. Qd2 Bd7 9. 0-0-0 Be7 10. Bxf6 Bxf6 11. Nxc6 Bxc6 12. Qxd6 Qxd6 13. Rxd6 Bxc3 14. bxc3 Bxe4 15. Rd4 Bc6 16. Bd3 Rc8 17. Kb2 Ke7 18. Be4 h5 19. Re1 g6 20. Bxc6 Rxc6 21. a4 Rhc8 22. Re3 Rc5 23. Kb3 g5 24. g3 R8c7 25. Kb4 Kf6 26. c4 Kf5 27. h3 a5+ 28. Kc3 b5 29. axb5 Rxb5 30. Rde4 gxf4 31. Rxf4+ Kg6 32. Rfe4 Rbc5 33. Kd3 Kf6 34. Rf3+ Ke7 35. Ref4 f5 36. g4 Kf6 37. gxf5 exf5 38. h4 a4 39. Kc3 a3 40. Kb3 Ra5 41. Ka2 Rb7 42. Rb3 Rxb3 43. cxb3 Ke5 44. b4 Ra4 45. Rf1 Rxb4 46. Rc1 Rb8 47. c5 f4 48. c6 f3 49. Rc5+ Ke4 50. c7 Rc8 51. Rc6 f2 52. Rf6 Ke3 53. Kxa3 Rxc7 0-1

[Event "Wroclaw op 9th"]
[Site "Wroclaw"]
[Date "2014.06.30"]
[Round "4"]
[White "Musiala, Jakub"]
[Black "Kowalczyk, Mateusz"]
[Result "0-1"]
[WhiteElo "1394"]
[BlackElo "1608"]
[PlyCount "60"]
[EventDate "2014.06.29"]
[EventType "swiss"]
[EventRounds "9"]
[EventCountry "POL"]
[SourceTitle "EXT 2015"]
[Source "ChessBase"]
[SourceDate "2014.11.20"]
[SourceVersion "1"]
[SourceVersionDate "2014.11.20"]
[SourceQuality "1"]

1. e4 g6 2. d4 Bg7 3. Nf3 d6 4. Bd3 Bg4 5. c3 e5 6. d5 Ne7 7. h3 Bxf3 8. Qxf3 Nd7 9. Be3 0-0 10. g4 c6 11. c4 cxd5 12. cxd5 Rc8 13. Nd2 Nc5 14. Bxc5 Rxc5 15. Ke2 Qd7 16. Qg2 Bh6 17. g5 Bg7 18. h4 f5 19. f3 Rfc8 20. Qh3 Qa4 21. h5 Qd4 22. Rad1 Nxd5 23. exd5 Rxd5 24. f4 e4 25. Nxe4 Re8 26. Qe3 fxe4 27. Qxd4 exd3+ 28. Kxd3 Rxd4+ 29. Kc2 Rc8+ 30. Kb1 Rxf4 0-1

[Event "Wroclaw op 9th"]
[Site "Wroclaw"]
[Date "2014.06.29"]
[Round "1"]
[White "Kowalczyk, Mateusz"]
[Black "Wozniak, Mariola"]
[Result "1/2-1/2"]
[WhiteElo "1608"]
[BlackElo "2092"]
[PlyCount "119"]
[EventDate "2014.06.29"]
[EventType "swiss"]
[EventRounds "9"]
[EventCountry "POL"]
[SourceTitle "EXT 2015"]
[Source "ChessBase"]
[SourceDate "2014.11.20"]
[SourceVersion "1"]
[SourceVersionDate "2014.11.20"]
[SourceQuality "1"]

1. e4 c5 2. Nf3 d6 3. d4 cxd4 4. Nxd4 Nf6 5. Nc3 a6 6. Bg5 e6 7. f4 Be7 8. Qd2 Qc7 9. 0-0-0 Nbd7 10. Be2 b5 11. Bxf6 Nxf6 12. e5 dxe5 13. fxe5 Nd7 14. Bf3 Bb7 15. Bxb7 Qxb7 16. Nf3 Nb6 17. Qf4 0-0 18. Ne4 Nd5 19. Qg3 Ne3 20. Nf6+ Kh8 21. Rd7 Qc8 22. Nd4 gxf6 23. Rxe7 Nd5 24. exf6 Rg8 25. Qe5 Nxe7 26. fxe7+ Rg7 27. Rf1 Kg8 28. Rf3 Qe8 29. Rg3 Rg6 30. Qd6 Qb8 31. Qxb8+ Rxb8 32. Nc6 Re8 33. Rd3 f6 34. Rd8 Kf7 35. Rd7 Rxg2 36. Nd8+ Kg8 37. Nb7 Rg1+ 38. Kd2 Rg5 39. Nd6 Rxe7 40. Rxe7 Rd5+ 41. Ke3 Rxd6 42. Ra7 Rc6 43. c3 Rc5 44. Re7 Re5+ 45. Kd3 a5 46. b3 Rd5+ 47. Ke3 Rd1 48. Ke2 Rh1 49. Rxe6 Rxh2+ 50. Kd3 Rxa2 51. Rxf6 Rb2 52. Ra6 Rxb3 53. Rxa5 b4 54. Rc5 Kf7 55. Kc2 Rxc3+ 56. Rxc3 bxc3 57. Kxc3 Kf6 58. Kd3 Kg5 59. Ke3 Kg4 60. Kf2 1/2-1/2

[Event "Wroclaw op 9th"]
[Site "Wroclaw"]
[Date "2014.06.29"]
[Round "2"]
[White "White, John2222"]
[Black "Kowalczyk, Mateusz"]
[Result "1-0"]
[WhiteElo "1973"]
[BlackElo "1608"]
[PlyCount "71"]
[EventDate "2014.06.29"]
[EventType "swiss"]
[EventRounds "9"]
[EventCountry "POL"]
[SourceTitle "EXT 2015"]
[Source "ChessBase"]
[SourceDate "2014.11.20"]
[SourceVersion "1"]
[SourceVersionDate "2014.11.20"]
[SourceQuality "1"]

1. e4 e5 2. Nf3 Nc6 3. Bc4 Bc5 4. c3 Nf6 5. d3 0-0 6. Bb3 d6 7. h3 a6 8. Nbd2 Ba7 9. Nf1 d5 10. exd5 Nxd5 11. Ng3 Nf4 12. Bxf4 exf4 13. Ne4 Be6 14. 0-0 h6 15. d4 Ne7 16. Re1 Nf5 17. Qd2 g5 18. Rad1 Ng7 19. Qe2 Re8 20. Bxe6 Rxe6 21. Qc4 c6 22. d5 cxd5 23. Rxd5 Qb6 24. Rd7 Rae8 25. Nd4 R6e7 26. Rxe7 Rxe7 27. Qc8+ Kh7 28. Nxg5+ hxg5 29. Rxe7 Qxb2 30. Rxf7 Qb1+ 31. Kh2 Bxd4 32. cxd4 Qe4 33. Qd7 Qg6 34. Qxb7 Kh6 35. d5 g4 36. Qc6 1-0

[Event "Golden Rook op 56th"]
[Site "Chotowa"]
[Date "2014.06.11"]
[Round "6"]
[White "Mika, Tomasz"]
[Black "Kowalczyk, Mateusz"]
[Result "1-0"]
[WhiteElo "2006"]
[BlackElo "1608"]
[PlyCount "97"]
[EventDate "2014.06.08"]
[EventType "team-swiss"]
[EventRounds "9"]
[EventCountry "POL"]
[SourceTitle "EXT 2015"]
[Source "ChessBase"]
[SourceDate "2014.11.20"]
[SourceVersion "1"]
[SourceVersionDate "2014.11.20"]
[SourceQuality "1"]

1. e4 e5 2. Nc3 Nf6 3. Bc4 Bc5 4. d3 d6 5. Na4 Bb6 6. Nxb6 axb6 7. f4 Bg4 8. Nf3 Nc6 9. h3 Bxf3 10. Qxf3 Nd4 11. Qf2 b5 12. Bb3 Nxb3 13. cxb3 Nd7 14. 0-0 0-0 15. f5 Nc5 16. f6 Qxf6 17. Qxf6 gxf6 18. Bh6 Rfe8 19. Rf3 Kh8 20. Rxf6 Re6 21. Raf1 Rxf6 22. Rxf6 Kg8 23. Rf3 Ne6 24. Rg3+ Kh8 25. Rf3 Kg8 26. a3 c5 27. Rg3+ Kh8 28. Rf3 Kg8 29. Kf2 Rc8 30. Ke1 b6 31. Kd2 Rc7 32. Kc3 Ra7 33. h4 Ra8 34. h5 Rc8 35. a4 Ra8 36. axb5 Ra1 37. Kc4 Rh1 38. Rg3+ Kh8 39. Bg5 Nxg5 40. Rxg5 Rb1 41. h6 Rxb2 42. Rg7 Rc2+ 43. Kd5 Rc3 44. Kxd6 Rxd3+ 45. Ke7 f5 46. Rf7 Rg3 47. Rf8+ Rg8 48. Rxg8+ Kxg8 49. exf5 1-0

[Event "Golden Rook op 56th"]
[Site "Chotowa"]
[Date "2014.06.09"]
[Round "1"]
[White "Barwinski, Dionizy"]
[Black "Kowalczyk, Mateusz"]
[Result "1/2-1/2"]
[WhiteElo "2134"]
[BlackElo "1608"]
[PlyCount "80"]
[EventDate "2014.06.08"]
[EventType "team-swiss"]
[EventRounds "9"]
[EventCountry "POL"]
[SourceTitle "EXT 2015"]
[Source "ChessBase"]
[SourceDate "2014.11.20"]
[SourceVersion "1"]
[SourceVersionDate "2014.11.20"]
[SourceQuality "1"]

1. d4 Nf6 2. c4 g6 3. Nc3 Bg7 4. Nf3 d6 5. g3 0-0 6. Bg2 Nbd7 7. 0-0 Re8 8. h3 e5 9. e4 c6 10. Be3 a5 11. Qc2 Qe7 12. Rad1 exd4 13. Nxd4 Nc5 14. f3 Nh5 15. Bf2 Bd7 16. Rfe1 Rab8 17. f4 Qd8 18. Nf3 Qc7 19. e5 Bf8 20. Bxc5 dxc5 21. Qf2 Be6 22. Nd2 Red8 23. g4 Ng7 24. Nde4 Be7 25. Bf1 b6 26. Nf6+ Bxf6 27. exf6 Ne8 28. f5 Rxd1 29. Nxd1 Bd7 30. fxg6 hxg6 31. Bd3 g5 32. Re7 Nxf6 33. Qxf6 Qg3+ 34. Kf1 Qxd3+ 35. Kg2 Qd2+ 36. Nf2 Be6 37. Rxe6 fxe6 38. Qxe6+ Kh7 39. Qf5+ Kg8 40. Qg6+ Kh8 1/2-1/2

[Event "Ogolnopolski-ch 55th"]
[Site "Zamosc"]
[Date "2013.??.??"]
[Round "8"]
[White "Kowalczyk, Mateusz"]
[Black "Kuzmicz, Krystian"]
[Result "0-1"]
[WhiteElo "1558"]
[BlackElo "2465"]
[PlyCount "68"]
[EventDate "2013.06.07"]
[EventType "swiss"]
[EventRounds "9"]
[EventCountry "POL"]
[SourceTitle "EXT 2014"]
[Source "ChessBase"]
[SourceDate "2013.11.20"]
[SourceVersion "1"]
[SourceVersionDate "2013.11.20"]
[SourceQuality "1"]

1. e4 c6 2. d4 d5 3. exd5 cxd5 4. Nf3 g6 5. c3 Bg7 6. Bd3 Nh6 7. 0-0 0-0 8. Bf4 Nc6 9. Nbd2 Nf5 10. Ne5 f6 11. Nxc6 bxc6 12. Nf3 Re8 13. Re1 Nd6 14. Qc2 Nf7 15. Nd2 e5 16. dxe5 fxe5 17. Bg3 e4 18. Bf1 Bf5 19. Nb3 Qb6 20. Bf4 c5 21. h3 g5 22. Bh2 Bg6 23. Rad1 Rad8 24. g4 Be5 25. Bg2 Bxh2+ 26. Kxh2 Ne5 27. Re2 a5 28. Qd2 a4 29. Nc1 Qf6 30. b3 h5 31. Kg3 Nf3 32. Bxf3 Qe5+ 33. Kg2 exf3+ 34. Kg1 fxe2 0-1